| 000 | 02361cam a2200265 i 4500 | ||
|---|---|---|---|
| 003 | SA-RiAUC | ||
| 005 | 20250217070512.0 | ||
| 008 | 250131s1987 le g i 00000 ara c | ||
| 040 |
_aSA-RiAUC _bara _cSA-RiAUC _erda |
||
| 082 | 0 | 4 | _a221.3 |
| 090 |
_a221.3 _bع ب د |
||
| 100 | 1 |
_aعبد الباقي، محمد فؤاد، _d1882-1968 _eمؤلف. |
|
| 245 | 1 | 2 |
_aالمعجم المفهرس لألفاظ القرآن الكريم / _cوضعه محمد فؤاد عبد الباقي. |
| 250 | _aالطبعة الثانية. | ||
| 264 | 1 |
_aبيروت : _aالقاهرة : _bدار الفكر للطباعة والنشر : _bدار خياط ؛ _bدار الحديث، _c1987 |
|
| 300 |
_a781 صفحة ؛ _c24 سم |
||
| 336 |
_aنص _btxt _2rdacontent _3كتاب |
||
| 337 |
_aبدون وسيط _bn _2rdamedia |
||
| 338 |
_aمجلد _bnc _2rdacarrier |
||
| 630 | 2 | 7 |
_aالقرآن _vكشافات _2aucut |
| 856 |
_uhttp://dlib.nyu.edu/aco/book/columbia_aco000982/1?lang=ar _yDigital Copy _2 نرجو الانتباه لإمكانية وجود اختلاف في الطبعة أو الناشر بين البيانات على البوابة وما ستجده على الكتاب نظرا لمحدودية المعلومات المتاحة على الموقع الناشر للمادة. _3Please note that there may be a difference in the edition or publisher between the data on the portal and the book due to the limited information available on the publisher website for the material. |
||
| 856 |
_uhttp://dl-img.home.nyu.edu/adore-djatoka/resolver?url_ver=Z39.88-2004&svc_id=info%3Alanl-repo/svc/getRegion&svc_val_fmt=info%3Aofi/fmt%3Akev%3Amtx%3Ajpeg2000&svc.format=image/jpeg&rft_id=http%3A//dlib.nyu.edu/files/books/columbia_aco000982/columbia_aco000982_afr01_d.jp2&svc.scale=230 _yCoverImage _2 نرجو الانتباه لإمكانية وجود اختلاف في الطبعة أو الناشر بين البيانات على البوابة وما ستجده على الكتاب نظرا لمحدودية المعلومات المتاحة على الموقع الناشر للمادة. _3Please note that there may be a difference in the edition or publisher between the data on the portal and the book due to the limited information available on the publisher website for the material. |
||
| 942 |
_2ddc _cBOOK _n0 |
||
| 949 |
_aSA-JeALM _d250131 _umohamedma123 _n1 |
||
| 999 |
_c5999 _d5999 |
||